AIR TRAVEL TICKETING FARE CONSTRUCTION (Record no. 21077)

MARC details
000 -LEADER
fixed length control field 00302nam a22001337a 4500
003 - CONTROL NUMBER IDENTIFIER
control field SGT
020 ## - INTERNATIONAL STANDARD BOOK NUMBER
International Standard Book Number 818204037-X
082 ## - DEWEY DECIMAL CLASSIFICATION NUMBER
Classification number 910
Item number RAS
100 ## - MAIN ENTRY--PERSONAL NAME
Personal name RASTOGI, ANIL PRAMOD
245 ## - TITLE STATEMENT
Title AIR TRAVEL TICKETING FARE CONSTRUCTION
260 ## - PUBLICATION, DISTRIBUTION, ETC. (IMPRINT)
Place of publication, distribution, etc DELHI
Name of publisher, distributor, etc AMAN PUB.
Year of Publication 2016
300 ## - PAGE DESCRIPTION
No. of Pages 272
942 ## - ADDED ENTRY ELEMENTS (KOHA)
Source of classification or shelving scheme Dewey Decimal Classification
Koha item type Books
Holdings
Withdrawn status Lost status Source of classification or shelving scheme Damaged status Not for loan Collection code Home library Current library Shelving location Date acquired Vendor Name Cost, normal purchase price SGTU Bill Number Total Checkouts Full call number Accession No. (Barcode) Date last seen Bill Date Koha item type
    Dewey Decimal Classification     HOTEL MANAGEMENT SGT Science & Social Sciences Library SGT Science & Social Sciences Library Text Book 26/04/2021 JINDAL 800.00 SGTU 2230   910 RAS HM1206 26/04/2021 24/03/2021 Books
Withdrawn   Dewey Decimal Classification     HOTEL MANAGEMENT SGT Science & Social Sciences Library SGT Science & Social Sciences Library Text Book 26/04/2021 JINDAL 800.00 SGTU 2230   910 RAS HM1207 26/04/2021 24/03/2021 Books